[Event "DEN-ch U19 rapid"]
[Site "Odense"]
[Date "2020.11.20"]
[Round "2"]
[White "Ringsmose, Christian"]
[Black "Gabrielsen, Oliver"]
[Result "1-0"]
[WhiteElo "1808"]
[BlackElo "1444"]
[PlyCount "85"]
[EventDate "2020.11.20"]
[EventType "tourn"]
[EventRounds "5"]
[EventCountry "DEN"]
[SourceTitle "EXT 2024"]
[Source "ChessBase"]
[SourceDate "2023.10.10"]
[SourceVersion "1"]
[SourceVersionDate "2023.10.10"]
[SourceQuality "1"]

1. e4 c5 2. Nf3 Nc6 3. d4 cxd4 4. Nxd4 g6 5. Nc3 Bg7 6. Be3 Nf6 7. Nxc6 bxc6 8. e5 Nd5 9. Nxd5 cxd5 10. Qxd5 Rb8 11. Bxa7 Rxb2 12. Bd4 Rxc2 13. Bd3 Rc7 14. Bb6 Bb7 15. Qa5 Bxg2 16. Bxc7 Qa8 17. Rb1 0-0 18. Qxa8 Rxa8 19. Rg1 Bd5 20. Rb8+ Rxb8 21. Bxb8 Bxa2 22. Ke2 f6 23. f4 Kf8 24. Rc1 Bh6 25. exf6 exf6 26. Bd6+ Kf7 27. Bc4+ Bxc4+ 28. Rxc4 Ke6 29. Ba3 g5 30. Bc1 gxf4 31. Bxf4 Bf8 32. Rc8 Bg7 33. Kd3 Kf5 34. Be3 Ke6 35. Kc4 d5+ 36. Kc5 f5 37. Rc6+ Kf7 38. Kxd5 h5 39. Bd4 Be5 40. Bxe5 h4 41. Rc7+ Ke8 42. Ke6 h3 43. Rc8# 1-0